Stolice Europy - Statystyki

Ogólne statystyki
  • Ten quiz został rozwiązany 29 razy
  • Średni wynik to 34 z 45
Statystyki odpowiedzi
Hint Odpowiedź % Poprawnych
Polska Warszawa
100%
Niemcy Berlin
96%
Rosja Moskwa
96%
Białoruś Mińsk
93%
Francja Paryż
93%
Czechy Praga
93%
Dania Kopenhaga
89%
Wielka Brytania Londyn
89%
Norwegia Oslo
89%
Włochy Rzym
89%
Finlandia Helsinki
85%
Portugalia Lizbona
85%
Hiszpania Madryt
85%
Islandia Reykjavik
85%
Grecja Ateny
81%
Węgry Budapeszt
81%
Luksemburg Luksemburg
81%
Łotwa Ryga
81%
San Marino San Marino
81%
Szwecja Sztokholm
81%
Holandia Amsterdam
78%
Watykan Watykan
78%
Austria Wiedeń
78%
Litwa Wilno
78%
Andora Andora
74%
Belgia Bruksela
74%
Irlandia Dublin
74%
Monako Monako
74%
Słowacja Bratysława
70%
Bułgaria Sofia
70%
Estonia Tallinn
70%
Rumunia Bukareszt
67%
Chorwacja Zagrzeb
67%
Turcja Ankara
63%
Mołdawia Kiszyniów
63%
Malta Valletta
63%
Szwajcaria Berno
59%
Serbia Belgrad
56%
Bośnia i Hercegowina Sarajewo
56%
Albania Tirana
56%
Liechtenstein Vaduz
56%
Słowenia Lublana
48%
Czarnogóra Podgorica
44%
Kosowo Prisztina
44%
Macedonia Północna Skopje
41%
Nie znaleziono quizów pasujących do podanych kryteriów
Rozkład punktacji
Procent ludzi z każdym wynikiem
Percentyl według liczby udzielonych odpowiedzi
Twoja historia wyników
Nie rozwiązałeś tego quizu